New Headway. Pronunciation Course. Intermediate

Detaylı Bibliyografya
Yazar: Cunningham S. Sarah
Diğer Yazarlar: Bowler B. Bill
Dil:İngilizce
Baskı/Yayın Bilgisi: Oxford, Oxford University Press, 2000
Seri Bilgileri:Oxford English
Konular:
Materyal Türü: Mixed Materials
KOHA link:https://koha.lib.tpu.ru/cgi-bin/koha/opac-detail.pl?biblionumber=181974

MARC

LEADER 00000nmm0a2200000 4500
001 181974
005 20231031171154.0
010 |a 0194362450 
035 |a (RuTPU)RU\TPU\book\197256 
035 |a RU\TPU\book\7529 
090 |a 181974 
100 |a 20100615d2000 m y0engy50 ba 
101 0 |a eng 
102 |a GB 
105 |a y j 000zy 
200 1 |a New Headway. Pronunciation Course. Intermediate  |f S. Cunningham, B. Bowler 
210 |a Oxford  |c Oxford University Press  |d 2000 
215 |a 63 p.  |e Приложение: кассета. 
225 1 |a Oxford English 
610 1 |a английский язык 
610 1 |a учебные пособия 
610 1 |a кассеты 
610 1 |a фонетика 
686 |a Ш143.21-923.1  |v LBC/SL-A  |2 rubbk 
700 1 |a Cunningham  |b S.  |g Sarah 
701 1 |a Bowler  |b B.  |g Bill 
801 0 |a RU  |b 63413507  |c 20011209  |g PSBO 
801 2 |a RU  |b 63413507  |c 20210922  |g PSBO 
942 |c MX